[Event "Satka Autumn 2019"]
[Site "Satka"]
[Date "2019.09.22"]
[Round "4.6"]
[White "Mar, Karmen"]
[Black "Prudnikova, Svetlana"]
[Result "1/2-1/2"]
[WhiteElo "2026"]
[BlackElo "2234"]
[Annotator "NA"]
[PlyCount "176"]
[EventDate "2019.09.19"]
[EventType "swiss"]
[EventCountry "RUS"]
[SourceTitle "playchess.com"]
[Source "ChessBase"]
[SourceQuality "1"]
[TimeControl "5400+30"]

1. e4 {[%emt 0:00:00]} c5 {[%emt 0:00:00]} 2. Nf3 {[%emt 0:00:00]} e6 {[%emt 0:00:00]} 3. g3 {[%emt 0:00:04]} Nc6 {[%emt 0:00:21]} 4. Bg2 {[%emt 0:00:10]} Nf6 {[%emt 0:00:22]} 5. d3 {[%emt 0:01:08]} Be7 {[%emt 0:04:00]} 6. e5 {[%emt 0:01:55]} Ng4 {[%emt 0:01:53]} 7. Qe2 {[%emt 0:03:30]} Qc7 {[%emt 0:12:12]} 8. Bf4 {[%emt 0:07:20]} d6 {[%emt 0:02:17]} 9. exd6 {[%emt 0:03:59]} Bxd6 {[%emt 0:00:02]} 10. Bxd6 {[%emt 0:07:01]} Qxd6 {[%emt 0:00:02]} 11. Nc3 {[%emt 0:01:48]} O-O {[%emt 0:07:58]} 12. O-O {[%emt 0:23:42]} Bd7 {[%emt 0:07:49]} 13. Rfe1 {[%emt 0:05:04]} Rac8 {[%emt 0:13:56]} 14. Ng5 {[%emt 0:08:12]} Nf6 {[%emt 0:00:59]} 15. Nce4 {[%emt 0:04:41]} Qe7 {[%emt 0:07:48]} 16. Nxf6+ {[%emt 0:05:46]} Qxf6 {[%emt 0:00:03]} 17. Qh5 {[%emt 0:00:54]} Qg6 {[%emt 0:01:23]} 18. Qxg6 {[%emt 0:05:57]} hxg6 {[%emt 0:00:07]} 19. h4 {[%emt 0:03:43]} Nd4 {[%emt 0:04:38]} 20. Rac1 {[%emt 0:00:57]} Bc6 {[%emt 0:00:46]} 21. Bxc6 {[%emt 0:01:03]} Rxc6 {[%emt 0:00:26]} 22. Kg2 {[%emt 0:00:15]} Rd8 {[%emt 0:01:35]} 23. Nf3 {[%emt 0:00:55]} Ra6 {[%emt 0:07:08]} 24. a3 {[%emt 0:00:44]} Rb6 {[%emt 0:00:37]} 25. b3 {[%emt 0:00:39]} Rbd6 {[%emt 0:03:47]} 26. a4 {[%emt 0:00:28]} b6 {[%emt 0:02:45]} 27. Re4 {[%emt 0:01:40]} f6 {[%emt 0:03:27]} 28. Ree1 {[%emt 0:01:00]} Kf7 {[%emt 0:00:19]} 29. Nd2 {[%emt 0:00:41]} e5 {[%emt 0:01:50]} 30. Ne4 {[%emt 0:04:32]} R6d7 {[%emt 0:02:19]} 31. Nd2 {[%emt 0:01:30]} Rh8 {[%emt 0:01:41]} 32. Ne4 {[%emt 0:02:03]} Rh5 {[%emt 0:01:54]} 33. Rh1 {[%emt 0:02:12]} Rd8 {[%emt 0:00:25]} 34. Nd2 {[%emt 0:01:56]} Rdh8 {[%emt 0:00:58]} 35. c3 {[%emt 0:01:11]} Ne6 {[%emt 0:00:33]} 36. Nf3 {[%emt 0:00:30]} Rd8 {[%emt 0:00:56]} 37. Rcd1 {[%emt 0:00:13]} Rhh8 {[%emt 0:02:44]} 38. Rd2 {[%emt 0:00:37]} Rd7 {[%emt 0:00:42]} 39. Rhd1 {[%emt 0:00:28]} Rhd8 {[%emt 0:00:24]} 40. Kf1 {[%emt 0:00:00]} Nc7 {[%emt 0:00:00]} 41. Ke2 {[%emt 0:00:00]} Nd5 {[%emt 0:00:00]} 42. Rc1 {[%emt 0:00:00]} Ke6 {[%emt 0:00:00]} 43. Rcc2 {[%emt 0:00:00]} Ne7 {[%emt 0:00:00]} 44. Rc1 {[%emt 0:00:00]} Nc6 {[%emt 0:00:00]} 45. Rcd1 {[%emt 0:00:00]} Rd6 {[%emt 0:00:00]} 46. Rc1 {[%emt 0:00:00]} f5 {[%emt 0:00:00]} 47. Ng5+ {[%emt 0:00:00]} Kf6 {[%emt 0:00:45]} 48. Rcc2 {[%emt 0:00:00]} R8d7 {[%emt 0:02:09]} 49. Nh7+ {[%emt 0:00:00]} Ke7 {[%emt 0:00:04]} 50. Ng5 {[%emt 0:00:00]} Rb7 {[%emt 0:01:32]} 51. Rb2 {[%emt 0:03:06]} Rb8 {[%emt 0:01:15]} 52. Kd1 {[%emt 0:00:32]} Rbd8 {[%emt 0:00:40]} 53. Ke2 {[%emt 0:00:14]} R8d7 {[%emt 0:01:59]} 54. Rbc2 {[%emt 0:00:12]} Rd8 {[%emt 0:03:29]} 55. Rb2 {[%emt 0:00:10]} Rb8 {[%emt 0:00:13]} 56. Kd1 {[%emt 0:00:14]} a6 {[%emt 0:00:20]} 57. Ke2 {[%emt 0:01:46]} Rbd8 {[%emt 0:00:11]} 58. Rbc2 {[%emt 0:00:17]} Na5 {[%emt 0:00:41]} 59. Rb2 {[%emt 0:00:29]} e4 {[%emt 0:01:14]} 60. dxe4 {[%emt 0:00:28]} Rxd2+ {[%emt 0:00:02]} 61. Rxd2 {[%emt 0:00:05]} Rxd2+ {[%emt 0:00:04]} 62. Kxd2 {[%emt 0:00:03]} Nxb3+ {[%emt 0:00:09]} 63. Kc2 {[%emt 0:01:36]} c4 {[%emt 0:00:04]} 64. exf5 {[%emt 0:00:43]} gxf5 {[%emt 0:00:02]} 65. Nf3 {[%emt 0:00:45]} Nc5 {[%emt 0:00:16]} 66. Ne5 {[%emt 0:01:00]} Nxa4 {[%emt 0:01:30]} 67. Nxc4 {[%emt 0:00:06]} b5 {[%emt 0:00:02]} 68. Ne3 {[%emt 0:00:33]} Ke6 {[%emt 0:00:01]} 69. c4 {[%emt 0:01:01]} bxc4 {[%emt 0:00:24]} 70. Nxc4 {[%emt 0:00:02]} Kd5 {[%emt 0:00:08]} 71. Nd2 {[%emt 0:01:27]} Nc5 {[%emt 0:00:09]} 72. f3 {[%emt 0:00:33]} Kd4 {[%emt 0:00:38]} 73. g4 {[%emt 0:00:34]} fxg4 {[%emt 0:00:16]} 74. fxg4 {[%emt 0:00:01]} Ke3 {[%emt 0:00:20]} 75. Nc4+ {[%emt 0:01:41]} Kf4 {[%emt 0:00:04]} 76. Nd6 {[%emt 0:01:04]} Kxg4 {[%emt 0:00:26]} 77. Kc3 {[%emt 0:00:34]} g6 {[%emt 0:01:21]} 78. Kb4 {[%emt 0:00:10]} Ne6 {[%emt 0:00:59]} 79. Ka5 {[%emt 0:00:16]} Nc7 {[%emt 0:00:40]} 80. Kb6 {[%emt 0:00:04]} Kxh4 {[%emt 0:00:06]} 81. Kxc7 {[%emt 0:00:14]} a5 {[%emt 0:00:01]} 82. Kb6 {[%emt 0:01:15]} a4 {[%emt 0:00:02]} 83. Nc4 {[%emt 0:00:18]} g5 {[%emt 0:01:19]} 84. Kb5 {[%emt 0:00:10]} a3 {[%emt 0:01:15]} 85. Nxa3 {[%emt 0:00:02]} Kg3 {[%emt 0:00:42]} 86. Nc4 {[%emt 0:01:14]} Kf4 {[%emt 0:00:12]} 87. Nd2 {[%emt 0:00:57]} g4 {[%emt 0:00:19]} 88. Nf1 {[%emt 0:00:19]} Kf3 {[%emt 0:00:38]} 1/2-1/2

[Event "Satka Autumn 2019"]
[Site "Satka"]
[Date "2019.09.22"]
[Round "4.7"]
[White "Benderac, Ana"]
[Black "Mirzaeva, Gulnara"]
[Result "0-1"]
[WhiteElo "2228"]
[BlackElo "1936"]
[Annotator "NA"]
[PlyCount "96"]
[EventDate "2019.09.19"]
[EventType "swiss"]
[EventCountry "RUS"]
[SourceTitle "playchess.com"]
[Source "ChessBase"]
[SourceQuality "1"]
[TimeControl "5400+30"]

1. f4 {[%emt 0:00:00]} d5 {[%emt 0:00:55]} 2. Nf3 {[%emt 0:00:00]} Nf6 {[%emt 0:00:23]} 3. b3 {[%emt 0:00:17]} c5 {[%emt 0:01:14]} 4. Bb2 {[%emt 0:00:38]} Nc6 {[%emt 0:00:11]} 5. e3 {[%emt 0:00:14]} a6 {[%emt 0:03:55]} 6. Ne5 {[%emt 0:07:01]} e6 {[%emt 0:04:16]} 7. d3 {[%emt 0:01:04]} Qc7 {[%emt 0:02:06]} 8. Nd2 {[%emt 0:00:25]} Bd6 {[%emt 0:02:47]} 9. Ndf3 {[%emt 0:01:15]} b5 {[%emt 0:04:54]} 10. Be2 {[%emt 0:03:28]} Bb7 {[%emt 0:00:47]} 11. O-O {[%emt 0:00:15]} Bxe5 {[%emt 0:04:55]} 12. Nxe5 {[%emt 0:00:22]} Rd8 {[%emt 0:03:57]} 13. Qe1 {[%emt 0:00:43]} d4 {[%emt 0:01:37]} 14. Qg3 {[%emt 0:06:23]} O-O {[%emt 0:01:56]} 15. Nxc6 {[%emt 0:06:42]} Bxc6 {[%emt 0:02:29]} 16. b4 {[%emt 0:00:40]} Nd5 {[%emt 0:11:35]} 17. exd4 {[%emt 0:07:08]} cxb4 {[%emt 0:00:29]} 18. a3 {[%emt 0:06:46]} Nc3 {[%emt 0:01:42]} 19. Bg4 {[%emt 0:01:09]} Na4 {[%emt 0:01:32]} 20. Bc1 {[%emt 0:00:50]} Bb7 {[%emt 0:03:17]} 21. Be3 {[%emt 0:06:40]} bxa3 {[%emt 0:01:13]} 22. Rxa3 {[%emt 0:01:18]} Qxc2 {[%emt 0:02:51]} 23. f5 {[%emt 0:00:55]} exf5 {[%emt 0:03:06]} 24. Bxf5 {[%emt 0:03:46]} Rfe8 {[%emt 0:00:55]} 25. Bg5 {[%emt 0:05:34]} f6 {[%emt 0:08:59]} 26. Bxf6 {[%emt 0:04:08]} Qxg2+ {[%emt 0:01:42]} 27. Qxg2 {[%emt 0:00:06]} Bxg2 {[%emt 0:00:03]} 28. Bxd8 {[%emt 0:00:38]} Bxf1 {[%emt 0:00:07]} 29. Bh4 {[%emt 0:02:21]} g6 {[%emt 0:02:59]} 30. Bd7 {[%emt 0:03:05]} Rf8 {[%emt 0:00:54]} 31. Be6+ {[%emt 0:00:13]} Kg7 {[%emt 0:00:45]} 32. Bf2 {[%emt 0:00:29]} Be2 {[%emt 0:02:05]} 33. d5 {[%emt 0:00:21]} Kf6 {[%emt 0:01:23]} 34. Bh3 {[%emt 0:05:40]} Rd8 {[%emt 0:00:55]} 35. Bd4+ {[%emt 0:01:53]} Ke7 {[%emt 0:00:12]} 36. Bg2 {[%emt 0:00:06]} Bg4 {[%emt 0:00:57]} 37. Ra1 {[%emt 0:01:18]} Bf5 {[%emt 0:01:26]} 38. Rc1 {[%emt 0:07:18]} Bxd3 {[%emt 0:00:35]} 39. Rc6 {[%emt 0:01:29]} Rd6 {[%emt 0:05:38]} 40. Rc7+ {[%emt 0:00:00]} Rd7 {[%emt 0:00:00]} 41. Rc6 {[%emt 0:00:00]} Rd6 {[%emt 0:00:00]} 42. Rc8 {[%emt 0:00:00]} b4 {[%emt 0:00:00]} 43. Be5 {[%emt 0:00:00]} b3 {[%emt 0:00:00]} 44. Rc7+ {[%emt 0:00:00]} Rd7 {[%emt 0:00:00]} 45. d6+ {[%emt 0:00:00]} Ke6 {[%emt 0:00:00]} 46. Bc6 {[%emt 0:00:00]} Kxe5 {[%emt 0:00:00]} 47. Bxd7 {[%emt 0:03:16]} b2 {[%emt 0:00:00]} 48. Rb7 {[%emt 0:00:04]} Bb5 {[%emt 0:00:00]} 0-1

[Event "Satka Autumn 2019"]
[Site "Satka"]
[Date "2019.09.22"]
[Round "4.8"]
[White "Svetlova, Ksenia"]
[Black "Petrenko, Svetlana"]
[Result "1-0"]
[WhiteElo "1875"]
[BlackElo "2200"]
[Annotator "NA"]
[PlyCount "69"]
[EventDate "2019.09.19"]
[EventType "swiss"]
[EventCountry "RUS"]
[SourceTitle "playchess.com"]
[Source "ChessBase"]
[SourceQuality "1"]
[TimeControl "5400+30"]

1. e4 {[%emt 0:00:00]} d6 {[%emt 0:00:00]} 2. d4 {[%emt 0:00:00]} Nf6 {[%emt 0:00:00]} 3. Nc3 {[%emt 0:00:00]} g6 {[%emt 0:00:08]} 4. f3 {[%emt 0:00:11]} c6 {[%emt 0:00:32]} 5. Be3 {[%emt 0:00:06]} h5 {[%emt 0:01:57]} 6. h4 {[%emt 0:03:14]} Bg7 {[%emt 0:01:39]} 7. Qd2 {[%emt 0:00:11]} b5 {[%emt 0:01:25]} 8. Nh3 {[%emt 0:05:10]} a6 {[%emt 0:03:49]} 9. Ng5 {[%emt 0:04:11]} Qc7 {[%emt 0:01:24]} 10. Be2 {[%emt 0:07:44]} Nbd7 {[%emt 0:01:15]} 11. Nd1 {[%emt 0:04:09]} Bb7 {[%emt 0:06:43]} 12. Rf1 {[%emt 0:11:54]} c5 {[%emt 0:03:06]} 13. c3 {[%emt 0:06:03]} e5 {[%emt 0:11:58]} 14. Nf2 {[%emt 0:09:12]} O-O {[%emt 0:08:48]} 15. d5 {[%emt 0:03:30]} Qa5 {[%emt 0:04:30]} 16. g4 {[%emt 0:00:48]} Bc8 {[%emt 0:01:48]} 17. Nh1 {[%emt 0:04:39]} Nb6 {[%emt 0:02:12]} 18. Rg1 {[%emt 0:00:38]} Nc4 {[%emt 0:01:42]} 19. Bxc4 {[%emt 0:01:06]} bxc4 {[%emt 0:00:02]} 20. Ng3 {[%emt 0:10:19]} hxg4 {[%emt 0:01:10]} 21. h5 {[%emt 0:01:57]} gxf3 {[%emt 0:13:36]} 22. Nxf3 {[%emt 0:00:30]} Bg4 {[%emt 0:00:53]} 23. h6 {[%emt 0:00:20]} Bh8 {[%emt 0:02:48]} 24. Ng5 {[%emt 0:05:32]} Rfb8 {[%emt 0:02:05]} 25. Rf1 {[%emt 0:03:03]} Rb7 {[%emt 0:01:40]} 26. Qh2 {[%emt 0:06:31]} Kf8 {[%emt 0:06:07]} 27. Rxf6 {[%emt 0:00:47]} Bxf6 {[%emt 0:04:51]} 28. Nh7+ {[%emt 0:00:04]} Kg8 {[%emt 0:03:17]} 29. Nxf6+ {[%emt 0:00:11]} Kh8 {[%emt 0:00:01]} 30. Nxg4 {[%emt 0:00:42]} Rab8 {[%emt 0:00:01]} 31. Bc1 {[%emt 0:00:17]} Qd8 {[%emt 0:00:15]} 32. Qf2 {[%emt 0:00:28]} f5 {[%emt 0:04:59]} 33. exf5 {[%emt 0:00:19]} gxf5 {[%emt 0:00:29]} 34. Qxf5 {[%emt 0:01:27]} Qg8 {[%emt 0:00:06]} 35. Bg5 {[%emt 0:00:59]} 1-0

[Event "Satka Autumn 2019"]
[Site "Satka"]
[Date "2019.09.22"]
[Round "4.9"]
[White "Schepetkova, Margarita"]
[Black "Eidelson, Rakhil"]
[Result "1-0"]
[WhiteElo "2194"]
[BlackElo "2064"]
[Annotator "NA"]
[PlyCount "155"]
[EventDate "2019.09.19"]
[EventType "swiss"]
[EventCountry "RUS"]
[SourceTitle "playchess.com"]
[Source "ChessBase"]
[SourceQuality "1"]
[TimeControl "5400+30"]

1. d4 {[%emt 0:00:00]} Nf6 {[%emt 0:00:00]} 2. c4 {[%emt 0:00:00]} g6 {[%emt 0:00:00]} 3. Nf3 {[%emt 0:00:05]} Bg7 {[%emt 0:00:00]} 4. g3 {[%emt 0:00:06]} O-O {[%emt 0:00:00]} 5. Bg2 {[%emt 0:00:08]} d6 {[%emt 0:00:07]} 6. O-O {[%emt 0:00:08]} Nbd7 {[%emt 0:00:06]} 7. Nc3 {[%emt 0:00:09]} e5 {[%emt 0:00:07]} 8. e4 {[%emt 0:00:19]} exd4 {[%emt 0:07:08]} 9. Nxd4 {[%emt 0:00:05]} Nc5 {[%emt 0:00:12]} 10. h3 {[%emt 0:10:42]} Re8 {[%emt 0:00:41]} 11. Re1 {[%emt 0:01:59]} Bd7 {[%emt 0:00:05]} 12. Rb1 {[%emt 0:09:19]} Qc8 {[%emt 0:00:29]} 13. g4 h5 14. f3 {[%emt 0:15:46]} Ne6 {[%emt 0:23:29]} 15. Nde2 {[%emt 0:03:43]} Qd8 {[%emt 0:02:17]} 16. Be3 {[%emt 0:00:49]} hxg4 {[%emt 0:06:01]} 17. hxg4 {[%emt 0:00:14]} Nh7 {[%emt 0:00:19]} 18. Qd2 {[%emt 0:01:28]} Qh4 19. Bf2 {[%emt 0:00:30]} Bh6 {[%emt 0:04:43]} 20. Bxh4 Bxd2 {[%emt 0:00:03]} 21. Red1 {[%emt 0:01:08]} Bh6 {[%emt 0:01:31]} 22. e5 {[%emt 0:07:02]} Bc6 {[%emt 0:13:28]} 23. exd6 {[%emt 0:00:22]} cxd6 {[%emt 0:00:01]} 24. Rxd6 {[%emt 0:03:59]} Nhg5 {[%emt 0:03:32]} 25. Nd5 {[%emt 0:09:55]} Bxd5 {[%emt 0:00:02]} 26. Rxd5 {[%emt 0:06:07]} Rac8 {[%emt 0:01:04]} 27. b3 {[%emt 0:05:07]} Nh7 {[%emt 0:05:40]} 28. Kf1 {[%emt 0:01:17]} a6 {[%emt 0:02:47]} 29. Rbd1 {[%emt 0:01:32]} b5 {[%emt 0:02:31]} 30. cxb5 {[%emt 0:04:29]} axb5 {[%emt 0:00:02]} 31. f4 {[%emt 0:04:26]} Rc2 {[%emt 0:05:08]} 32. R1d2 {[%emt 0:02:45]} Rxd2 {[%emt 0:00:57]} 33. Rxd2 {[%emt 0:00:02]} g5 {[%emt 0:04:32]} 34. fxg5 {[%emt 0:02:40]} Nhxg5 {[%emt 0:00:02]} 35. Rd5 {[%emt 0:01:23]} b4 {[%emt 0:02:41]} 36. Be1 {[%emt 0:00:39]} Bf8 {[%emt 0:01:51]} 37. Rb5 {[%emt 0:01:52]} Rd8 {[%emt 0:06:13]} 38. Bxb4 {[%emt 0:00:48]} Bxb4 {[%emt 0:00:09]} 39. Rxb4 {[%emt 0:00:02]} Rd1+ {[%emt 0:00:05]} 40. Kf2 {[%emt 0:00:00]} Nc5 {[%emt 0:00:00]} 41. Rd4 {[%emt 0:00:00]} Ra1 {[%emt 0:00:00]} 42. b4 {[%emt 0:00:00]} Nce6 {[%emt 0:00:00]} 43. Rd2 {[%emt 0:00:00]} Rb1 {[%emt 0:00:00]} 44. a3 {[%emt 0:00:00]} Rb3 {[%emt 0:00:00]} 45. Ra2 {[%emt 0:00:00]} Kg7 {[%emt 0:00:00]} 46. Bd5 {[%emt 0:00:00]} Rb1 {[%emt 0:00:00]} 47. Bxe6 {[%emt 0:00:00]} Nxe6 {[%emt 0:00:00]} 48. Ke3 {[%emt 0:00:00]} Kf6 {[%emt 0:00:00]} 49. Nc3 {[%emt 0:00:00]} Rg1 {[%emt 0:00:00]} 50. Rf2+ {[%emt 0:04:38]} Ke7 {[%emt 0:00:00]} 51. a4 {[%emt 0:00:52]} Rxg4 {[%emt 0:00:00]} 52. Ne4 {[%emt 0:00:33]} Rg1 {[%emt 0:00:00]} 53. Kd3 {[%emt 0:01:48]} Rd1+ {[%emt 0:00:00]} 54. Kc3 {[%emt 0:00:57]} Rc1+ {[%emt 0:00:00]} 55. Kd3 {[%emt 0:00:44]} Rd1+ {[%emt 0:00:00]} 56. Nd2 {[%emt 0:00:43]} Rc1 {[%emt 0:00:00]} 57. Nb3 {[%emt 0:01:16]} Rc8 {[%emt 0:00:00]} 58. a5 {[%emt 0:01:41]} Rb8 {[%emt 0:00:00]} 59. Kc4 {[%emt 0:00:34]} Nc7 {[%emt 0:00:00]} 60. Nd4 {[%emt 0:01:51]} Rc8 {[%emt 0:00:49]} 61. Nc6+ {[%emt 0:00:58]} Kd6 {[%emt 0:01:23]} 62. b5 {[%emt 0:00:36]} Rh8 {[%emt 0:03:45]} 63. Rd2+ {[%emt 0:01:30]} Ke6 {[%emt 0:00:42]} 64. b6 {[%emt 0:00:43]} Rh4+ {[%emt 0:02:57]} 65. Nd4+ {[%emt 0:00:31]} Kd7 {[%emt 0:00:40]} 66. bxc7 {[%emt 0:00:45]} Kxc7 {[%emt 0:00:32]} 67. Rf2 {[%emt 0:00:42]} Rh7 {[%emt 0:01:38]} 68. Rf6 {[%emt 0:00:33]} Kd7 {[%emt 0:01:03]} 69. Nb3 {[%emt 0:00:45]} Kc7 {[%emt 0:00:52]} 70. Rf5 {[%emt 0:00:31]} Kb7 {[%emt 0:00:15]} 71. Rf6 {[%emt 0:00:01]} Ka7 {[%emt 0:00:10]} 72. Kb5 {[%emt 0:00:07]} Kb7 {[%emt 0:00:26]} 73. Nc5+ {[%emt 0:00:24]} Ka7 {[%emt 0:00:12]} 74. Rd6 {[%emt 0:00:26]} Kb8 {[%emt 0:00:34]} 75. Kb6 {[%emt 0:00:22]} Kc8 {[%emt 0:00:02]} 76. Rc6+ {[%emt 0:00:13]} Kd8 {[%emt 0:00:12]} 77. a6 {[%emt 0:00:18]} Rh1 {[%emt 0:00:12]} 78. Nb7+ {[%emt 0:00:13]} 1-0

[Event "Satka Autumn 2019"]
[Site "Satka"]
[Date "2019.09.22"]
[Round "4.10"]
[White "Petrukhina, Olga"]
[Black "Stroganova, Karina"]
[Result "1-0"]
[WhiteElo "2192"]
[BlackElo "1885"]
[Annotator "NA"]
[PlyCount "61"]
[EventDate "2019.09.19"]
[EventType "swiss"]
[EventCountry "RUS"]
[SourceTitle "playchess.com"]
[Source "ChessBase"]
[SourceQuality "1"]
[TimeControl "5400+30"]

1. Nf3 {[%emt 0:00:00]} f5 {[%emt 0:00:00]} 2. d4 {[%emt 0:00:00]} Nf6 {[%emt 0:00:03]} 3. g3 {[%emt 0:00:00]} g6 {[%emt 0:00:09]} 4. Bg2 {[%emt 0:00:00]} Bg7 {[%emt 0:00:15]} 5. O-O {[%emt 0:00:00]} d6 {[%emt 0:00:11]} 6. c4 {[%emt 0:00:00]} O-O {[%emt 0:00:13]} 7. Nc3 {[%emt 0:00:00]} Nc6 {[%emt 0:00:47]} 8. d5 {[%emt 0:05:12]} Ne5 {[%emt 0:00:15]} 9. Nxe5 {[%emt 0:01:41]} dxe5 {[%emt 0:00:08]} 10. e4 {[%emt 0:00:31]} f4 {[%emt 0:00:31]} 11. b3 {[%emt 0:22:02]} g5 {[%emt 0:09:12]} 12. f3 {[%emt 0:02:36]} g4 {[%emt 0:03:12]} 13. gxf4 {[%emt 0:07:37]} exf4 {[%emt 0:01:06]} 14. Rb1 {[%emt 0:10:13]} g3 {[%emt 0:26:31]} 15. hxg3 {[%emt 0:12:59]} fxg3 {[%emt 0:00:16]} 16. e5 {[%emt 0:01:13]} Nh5 {[%emt 0:03:01]} 17. f4 {[%emt 0:00:23]} Qe8 {[%emt 0:00:13]} 18. Ne4 {[%emt 0:16:46]} Qg6 {[%emt 0:01:11]} 19. e6 {[%emt 0:02:21]} Nf6 {[%emt 0:12:20]} 20. f5 {[%emt 0:01:19]} Qe8 {[%emt 0:01:47]} 21. Nxf6+ {[%emt 0:00:49]} Rxf6 {[%emt 0:03:32]} 22. Qg4 {[%emt 0:01:44]} h5 {[%emt 0:01:42]} 23. Qxg3 {[%emt 0:00:22]} Qf8 {[%emt 0:00:18]} 24. Bb2 {[%emt 0:08:02]} Rh6 {[%emt 0:00:16]} 25. Bc1 {[%emt 0:01:21]} Rf6 {[%emt 0:00:08]} 26. Be4 {[%emt 0:00:59]} h4 {[%emt 0:05:10]} 27. Qg4 {[%emt 0:01:54]} h3 {[%emt 0:02:11]} 28. Kh1 {[%emt 0:00:24]} h2 {[%emt 0:02:44]} 29. Rb2 {[%emt 0:00:31]} Bxe6 {[%emt 0:00:59]} 30. dxe6 {[%emt 0:00:09]} Rxe6 {[%emt 0:00:05]} 31. Bd5 {[%emt 0:00:37]} 1-0

[Event "Satka Autumn 2019"]
[Site "Satka"]
[Date "2019.09.22"]
[Round "4.11"]
[White "Zyapaeva, Polina"]
[Black "Makarenko, Alexandra"]
[Result "0-1"]
[WhiteElo "1808"]
[BlackElo "2169"]
[Annotator "NA"]
[PlyCount "82"]
[EventDate "2019.09.19"]
[EventType "swiss"]
[EventCountry "RUS"]
[SourceTitle "playchess.com"]
[Source "ChessBase"]
[SourceQuality "1"]
[TimeControl "5400+30"]

1. c4 {[%emt 0:00:00]} Nf6 {[%emt 0:00:00]} 2. Nc3 {[%emt 0:00:00]} g6 {[%emt 0:00:29]} 3. g3 {[%emt 0:00:54]} Bg7 {[%emt 0:01:01]} 4. Bg2 {[%emt 0:00:17]} O-O {[%emt 0:00:24]} 5. e4 {[%emt 0:03:02]} d6 {[%emt 0:00:19]} 6. Nge2 {[%emt 0:01:58]} Nc6 {[%emt 0:00:54]} 7. d3 {[%emt 0:01:53]} a6 {[%emt 0:01:02]} 8. h3 {[%emt 0:02:21]} Rb8 {[%emt 0:00:45]} 9. a4 {[%emt 0:00:18]} Nb4 {[%emt 0:03:51]} 10. Be3 {[%emt 0:06:14]} Nd7 {[%emt 0:02:28]} 11. O-O {[%emt 0:09:48]} Ne5 {[%emt 0:03:07]} 12. Nc1 {[%emt 0:04:15]} c5 {[%emt 0:00:23]} 13. Rb1 {[%emt 0:07:10]} Bd7 {[%emt 0:00:51]} 14. f4 {[%emt 0:01:42]} Nec6 {[%emt 0:01:07]} 15. N1e2 {[%emt 0:08:10]} Nd4 {[%emt 0:14:07]} 16. Bf2 {[%emt 0:03:29]} Qa5 {[%emt 0:20:16]} 17. b3 {[%emt 0:04:58]} Nbc6 {[%emt 0:14:36]} 18. Kh1 {[%emt 0:07:26]} b5 {[%emt 0:07:52]} 19. axb5 {[%emt 0:06:56]} axb5 {[%emt 0:08:17]} 20. f5 {[%emt 0:15:22]} Nxe2 {[%emt 0:03:35]} 21. Nxe2 {[%emt 0:00:25]} bxc4 {[%emt 0:00:18]} 22. dxc4 {[%emt 0:01:30]} Ne5 {[%emt 0:03:53]} 23. g4 {[%emt 0:01:56]} Rb7 {[%emt 0:05:06]} 24. Bh4 {[%emt 0:00:42]} Re8 {[%emt 0:04:22]} 25. f6 {[%emt 0:01:56]} exf6 {[%emt 0:01:40]} 26. Bxf6 {[%emt 0:00:10]} Qc7 {[%emt 0:00:44]} 27. Nc3 {[%emt 0:01:24]} Bc6 {[%emt 0:01:15]} 28. Bxg7 {[%emt 0:01:25]} Kxg7 {[%emt 0:00:01]} 29. g5 {[%emt 0:00:16]} Reb8 {[%emt 0:01:11]} 30. Qc2 {[%emt 0:05:34]} h6 {[%emt 0:00:23]} 31. gxh6+ {[%emt 0:01:07]} Kxh6 {[%emt 0:00:03]} 32. Qf2 {[%emt 0:00:11]} Qe7 {[%emt 0:00:21]} 33. Qc2 {[%emt 0:01:00]} Kg7 {[%emt 0:00:27]} 34. Nd5 {[%emt 0:01:32]} Bxd5 {[%emt 0:00:04]} 35. exd5 {[%emt 0:00:03]} Qh4 {[%emt 0:00:22]} 36. Qc3 {[%emt 0:00:53]} Qd4 {[%emt 0:00:38]} 37. Qc2 {[%emt 0:00:59]} Rh8 {[%emt 0:01:02]} 38. Rfd1 {[%emt 0:00:37]} Qe3 {[%emt 0:00:32]} 39. Re1 {[%emt 0:00:50]} Qg3 {[%emt 0:00:04]} 40. Rf1 {[%emt 0:00:00]} Ng4 {[%emt 0:00:00]} 41. Qb2+ {[%emt 0:00:00]} f6 {[%emt 0:00:00]} 0-1